[Event "Istanbul Open 2017"]
[Site "Istanbul"]
[Date "2017.09.17"]
[Round "9"]
[White "Inciler, Yusuf Efe"]
[Black "Sar, Can"]
[Result "0-1"]
[WhiteElo "1494"]
[BlackElo "1669"]
[Annotator "NA RC"]
[PlyCount "60"]
[EventDate "2017.??.??"]
[EventType "swiss"]
[EventCountry "TUR"]
[SourceTitle "playchess.com"]
[Source "ChessBase"]
[SourceQuality "1"]
[TimeControl "5400+30"]

1. d4 {[%emt 0:00:30]} Nf6 {[%emt 0:01:00]} 2. c4 {[%emt 0:00:00]} g6 {[%emt 0:00:30]} 3. Nc3 {[%emt 0:00:00]} d5 {[%emt 0:00:00]} 4. cxd5 {[%emt 0:00:00]} Nxd5 {[%emt 0:00:00]} 5. e4 {[%emt 0:00:00]} Nxc3 {[%emt 0:00:00]} 6. bxc3 {[%emt 0:00:30]} Bg7 {[%emt 0:00:00]} 7. Nf3 {[%emt 0:00:00]} c5 {[%emt 0:00:30]} 8. Rb1 {[%emt 0:00:00]} O-O {[%emt 0:00:30]} 9. Be2 {[%emt 0:00:30]} cxd4 {[%emt 0:00:30]} 10. cxd4 {[%emt 0:00:30]} Qa5+ {[%emt 0:00:30]} 11. Qd2 {[%emt 0:00:30]} Qxd2+ {[%emt 0:03:30]} 12. Bxd2 {[%emt 0:00:00]} Nc6 {[%emt 0:01:30]} 13. Be3 {[%emt 0:02:00]} Bg4 {[%emt 0:02:30]} 14. d5 {[%emt 0:03:30]} Bxf3 {[%emt 0:10:30]} 15. Bxf3 {[%emt 0:02:30]} Nd4 {[%emt 0:06:30]} 16. Bxd4 {[%emt 0:01:30]} Bxd4 {[%emt 0:00:00]} 17. Rxb7 {[%emt 0:00:30]} Rab8 {[%emt 0:07:00]} 18. Rxe7 {[%emt 0:07:30]} Rb2 {[%emt 0:00:30]} 19. O-O {[%emt 0:01:30]} Rfb8 {[%emt 0:00:30]} 20. Rc7 {[%emt 0:00:30]} Rxf2 {[%emt 0:01:30]} 21. Rc4 {[%emt 0:01:30]} Be3 {[%emt 0:01:30]} 22. Rcc1 {[%emt 0:04:30]} Rxf3+ {[%emt 0:00:30]} 23. Kh1 {[%emt 0:00:30]} Rxf1+ {[%emt 0:00:30]} 24. Rxf1 {[%emt 0:00:00]} Bd4 {[%emt 0:00:30]} 25. h3 {[%emt 0:00:00]} Be5 {[%emt 0:00:00]} 26. Rd1 {[%emt 0:00:30]} Kf8 {[%emt 0:00:00]} 27. Kg1 {[%emt 0:00:30]} Ke7 {[%emt 0:00:30]} 28. Rc1 {[%emt 0:00:30]} Rb2 {[%emt 0:00:30]} 29. a4 {[%emt 0:01:30]} a5 {[%emt 0:00:00]} 30. Rc5 {[%emt 0:00:30]} Bd4+ {[%emt 0:00:00]} 0-1